Mezinárodní konkurenceschopnost České republiky.

Predpoklady k úspechu v medzinárodnej konkurencieschopnosti v ČR. Odporúčania pre podniky, ktoré budú chcieť úspešne konkurovať. Výhody českých podnikov a potreba využiť príležitosť. Obsah, formy a výhody strategických zmlúv. Manažment ako rozhodujúci výrobný faktor. Technológia a jej význam pre kon...

Ausführliche Beschreibung

Gespeichert in:
Bibliographische Detailangaben
1. Verfasser: Urban, P.A
Format: Buchkapitel
Sprache:Tschechisch
Schlagworte:
Tags: Tag hinzufügen
Keine Tags, Fügen Sie das erste Tag hinzu!

MARC

LEADER 00000naa a2200000 4500
001 r012622
005 20220826094654.4
041 0 |a cze 
044 |a CZ 
245 1 0 |a Mezinárodní konkurenceschopnost České republiky.  |c P.A. Urban 
520 |a Predpoklady k úspechu v medzinárodnej konkurencieschopnosti v ČR. Odporúčania pre podniky, ktoré budú chcieť úspešne konkurovať. Výhody českých podnikov a potreba využiť príležitosť. Obsah, formy a výhody strategických zmlúv. Manažment ako rozhodujúci výrobný faktor. Technológia a jej význam pre konkurenčné výhody. Stratégia nízkych nákladov a stratégia diferenciácie ako zdroj konkurenčných výhod. 
610 2 0 |a konkurencieschopnosť 
610 2 0 |a Čechy 
610 2 0 |a podnik 
610 2 0 |a zmluvy hospodárske dlhodobé 
610 2 0 |a manažment 
610 2 0 |a stratégia hospodárska 
610 2 0 |a technológia 
100 1 |a Urban, P.A.